Lost for Words: Movie Titles Quiz Stats

 Plays Quiz Updated Jun 12, 2019

Score 0/21 Timer 04:00
6 Plays Today
Question Answer Wrong Answers
Hook Hook
95.8%
Net
0.5%
Bait
2.7%
Hairspray Hairspray
95.1%
Shave
1.3%
Tooth brush
1.2%
Madagascar Madagascar
94.1%
Angola
3.8%
Mali
1.9%
Halloween Halloween
93.7%
New Year's Eve
4%
St. Patrick's Day
1.8%
Saw Saw
92.3%
Machete
3.1%
Drill
3.1%
Grease Greece
91.9%
Denmark
2.7%
Liechtenstein
3.8%
Ratatouille Ratatouille
91.3%
Spanakopita
3.6%
Chicken Kiev
2.1%
The Ring Ring
90%
Tiara
4.4%
Chain
2.6%
Tangled Tangled
89.8%
Shredded
3.7%
Broken
4.5%
Labyrinth Labyrinth
87.4%
Topiary
3.7%
Crop Circle
6.8%
Jaws Jaws
86.4%
Oddjob
4.3%
Ernst Stavro Blofeld
5.9%
Twister Twister
85.1%
Checkers
3.3%
Battleship
9.3%
Milk Milk
84.4%
Waffles
6.3%
Eggs
6.3%
Beethoven Ludwig van Beethoven
83.8%
Napoleon Bonaparte
6.8%
Benjamin Franklin
5.7%
Rushmore Mt. Rushmore
82%
Stonehenge
8.1%
Taj Mahal
8.4%
JFK John F. Kennedy
81.3%
Teddy Roosevelt
7.5%
Dwight Eisenhower
8.4%
Willow Willow Tree
75.1%
Rose Bush
7%
Mushrooms
14%
Sully James P. 'Sulley' Sullivan
74.6%
Merida
14.8%
Lightning McQueen
9.6%
Elf Elf (Galadriel)
67.6%
Dwarf (Gimli)
11.4%
Hobbit (Bilbo)
19.7%
Predator Orca (a predator)
63.6%
Cape Buffalo (an herbivore)
21.8%
Rhinoceros (an herbivore)
12.2%
The Artist Artist (Bob Ross)
59.4%
Chef (Julia Child)
26.4%
Judge (Judy)
11.3%

You're not logged in!

Compare scores with friends on all Sporcle quizzes.
OR
Log In

Sporcle TV

Today on Sporcle TV


Watch our educational content, quiz creation guides, and fun videos on Sporcle TV.

Show Comments

Extras

Top Quizzes Today


Score Distribution

Your Account Isn't Verified!

In order to create a playlist on Sporcle, you need to verify the email address you used during registration. Go to your Sporcle Settings to finish the process.

Report this User

Report this user for behavior that violates our Community Guidelines.

Details: